Statistics for Largest metro areas in Canada

Click here to take the quiz!

General Stats

  • This quiz has been taken 1,269 times
  • The average score is 11 of 15

Answer Stats

HintAnswer% Correct
5,583,064Toronto
100%
2,313,328Vancouver
99%
3,824,221Montreal
98%
1,214,839Calgary
95%
1,159,869Edmonton
93%
1,236,324Ottawa
93%
765,706Quebec
90%
730,018Winnipeg
86%
390,328Halifax
78%
721,053Hamilton
65%
474,786London
64%
344,615Victoria
64%
477,160Kitchener
40%
392,184St. Catherines
30%
356,177Oshawa
21%

Score Distribution

Percentile by Number Answered

Percent of People with Each Score

Your Score History

You have not taken this quiz